01309cam a22003497a 4500003000500000005001700005008004100022010001000063011001000073035001000083040000900093090001000102100003100112245010000143260004000243300002000283502009900303590003700402590004100439590004100480590004100521590004100562590004200603650004400645650003300689650003200722901000700754942001000761949004300771999001700814952012800831CHAP20220329140451.0971013s1987 r 00010 d a52384 a53356 a57506 cCHAP aTesis00aRomo Pedraza, Abel.999722 0aCostos de producción del melón Cantaloupe (Cucumis melo) en el valle de Apatzingán, Mich. aChapingo, Méx. :bEl autor,c1987 a145 h.b: ilus. aTesis (Ing. Agr. Esp. en Economía Agrícola) -- UACH. Departamento de Economía Agrícola aALEPHb10c20130110lUCH01h1329 aBATCH-UPDb10c20130110lUCH01h0400 aBATCH-UPDb10c20130410lUCH01h0033 aBATCH-UPDb10c20130410lUCH01h1611 aBATCH-UPDb10c20130914lUCH01h1810 aCONVERSIONb10c20130109lUCH01h132814aMelónxCostos de producción.97444414aMelónxMichoacán.97446914aMelónxVariedades.974482 aBK cTESIS bBCcTESd-125055eTS1h19390i57506si c52384d52384 00102local4051708TESISaBCbBCcPA_TESISd2019-12-31fTESISl0oTesisp-125055r2019-12-31 00:00:00w2019-12-31yTESIS